Wypisz wszystkie flagi, które... #5 - Statystyki

Ogólne statystyki
  • Ten quiz został rozwiązany 308 razy
    261 od ostatniego zresetowania
  • Średni wynik to 20 z 53
Statystyki odpowiedzi
Odpowiedź % Poprawnych
Czechy
83%
Turcja
79%
Tunezja
67%
Pakistan
58%
Turkmenistan
53%
Liban
52%
Algieria
51%
Kanada
48%
Sudan
47%
Uzbekistan
47%
Republika Południowej Afryki
46%
Libia
43%
Meksyk
43%
Sudan Południowy
42%
Azerbejdżan
40%
Nepal
40%
Belize
39%
Jordania
38%
Malezja
38%
Mauretania
38%
Erytrea
37%
Erytrea
37%
Afganistan
36%
Cypr
36%
Dżibuti
36%
Filipiny
35%
Singapur
35%
Ekwador
34%
Peru
33%
Salwador
33%
Gujana
32%
Gwatemala
32%
Haiti
32%
Komory
32%
Komory
32%
Dominikana
31%
Jamajka
31%
San Marino
30%
Wenezuela
30%
Bahamy
28%
Gwinea Równikowa
28%
Gwinea Równikowa
28%
Kuba
28%
Malediwy
28%
Mozambik
28%
Chorwacja
27%
Zimbabwe
25%
Mołdawia
22%
Fidżi
21%
Timor Wschodni
21%
Vanuatu
19%
Vanuatu
19%
Wyspy Świętego Tomasza i Książeca
19%
Nie znaleziono quizów pasujących do podanych kryteriów
Rozkład punktacji
Procent ludzi z każdym wynikiem
Percentyl według liczby udzielonych odpowiedzi
Twoja historia wyników
Nie rozwiązałeś tego quizu od ostatniego zresetowania